Význam medzinárodných zmlúv o zamedzení dvojitého zdanenia
Medzinárodné zmluvy o zamedzení dvojitého zdanenia významným spôsobom eliminujú dvojité zdanenie príjmov a kapitálu a tým podporujú rozvoj medzinárodného podnikania, obchodu a zahraničných investícií. Podkladom pre ich uzatváranie sú modelové zmluvy OECD, OSN a USA. Slovenská republika má uzatvorený...
Saved in:
| Main Author: | |
|---|---|
| Format: | Book Chapter |
| Language: | Slovak |
| Subjects: | |
| Tags: |
No Tags, Be the first to tag this record!
|
MARC
| LEADER | 00000nla a2200000 4500 | ||
|---|---|---|---|
| 001 | 0183939 | ||
| 005 | 20240502073142.7 | ||
| 041 | 0 | |a slo | |
| 044 | |a SK | ||
| 245 | 1 | 0 | |a Význam medzinárodných zmlúv o zamedzení dvojitého zdanenia |c Gizela Lénártová |
| 520 | |a Medzinárodné zmluvy o zamedzení dvojitého zdanenia významným spôsobom eliminujú dvojité zdanenie príjmov a kapitálu a tým podporujú rozvoj medzinárodného podnikania, obchodu a zahraničných investícií. Podkladom pre ich uzatváranie sú modelové zmluvy OECD, OSN a USA. Slovenská republika má uzatvorených 65 medzinárodných zmlúv o zamedzení dvojitého zdanenia, ktoré sú implementované do vnútroštátnych daňových predpisov. Príspevok charakterizuje význam a ciele modelových zmlúv, proces uzatvárania medzinárodných (bilaterálnych ) zmlúv v SR a ich väzbu na vnútroštátne daňové predpisy. | ||
| 610 | 2 | 0 | |a zdanenie dvojité |
| 610 | 2 | 0 | |a zmluvy medzinárodné |
| 610 | 2 | 0 | |a predpisy daňové |
| 610 | 2 | 0 | |a Slovensko |
| 100 | 1 | |a Lénártová, Gizela | |